Európske letiská a globalizácia trhov pozemnej obsluhy

Liberalizačné a deregulačné opatrenia v leteckej doprave, ktoré priniesli zmenu vo vlastníctve a riadení letísk. Deregulácia činností pozemnej obsluhy v dôsledku Smernice 96/67/EC znamenala, že trhy služieb pozemnej obsluhy sa stali priepustnejšími pre pôsobenie handlerov s transnacionálnym charakt...

ver descrição completa

Na minha lista:
Detalhes bibliográficos
Autor principal: Tomová, Anna
Outros Autores: Mandáková, Simona
Formato: Capítulo de Livro
Idioma:eslovaco
Assuntos:
Tags: Adicionar Tag
Sem tags, seja o primeiro a adicionar uma tag!

MARC

LEADER 00000nla$a2200000$$$4500
001 0142873
005 20221103134153.0
041 0 |a slo 
044 |a SK 
245 1 0 |a Európske letiská a globalizácia trhov pozemnej obsluhy  |c Anna Tomová, Simona Mandáková 
520 |a Liberalizačné a deregulačné opatrenia v leteckej doprave, ktoré priniesli zmenu vo vlastníctve a riadení letísk. Deregulácia činností pozemnej obsluhy v dôsledku Smernice 96/67/EC znamenala, že trhy služieb pozemnej obsluhy sa stali priepustnejšími pre pôsobenie handlerov s transnacionálnym charakterom. 
610 2 0 |a letiská 
610 2 0 |a riadenie 
610 2 0 |a linky letecké 
610 2 0 |a spoločnosti letecké 
610 2 0 |a doprava letecká 
610 2 0 |a služby nevýrobné 
610 2 0 |a personál 
610 2 0 |a obsluha 
100 1 |a Tomová, Anna 
700 1 |a Mandáková, Simona